000 00525nam a2200169Ia 4500
999 _c23443
_d23443
003 OSt
005 20200520093406.0
008 190216s9999||||xx |||||||||||||| ||und||
020 _a9788174355645
040 _coclc
082 _a338.900917671
_bCHA/I
100 _aChapra, M Umer
_92453
245 0 _aIslam And Economic Development /
_c M Umer Chapra
260 _bAdam Publishers&Distributors,
_c2007.
_aNew Delhi:
300 _a166p
942 _cBK
_2ddc
_h338.900917671
_iCHA/I
_k338.900917671
_mCHA/I